Administración de la producción y de las operaciones

Պահպանված է:
Մատենագիտական մանրամասներ
Հիմնական հեղինակներ: Buffa, Elwood Spencer (Հեղինակ), Sarin, Rakesh K (Հեղինակ)
Ձևաչափ: Գիրք
Լեզու:իսպաներեն
Հրապարակվել է: Ciudad de México Limusa 1998
Խորագրեր:
Ցուցիչներ: Ավելացրեք ցուցիչ
Չկան պիտակներ, Եղեք առաջինը, ով նշում է այս գրառումը!

MARC

LEADER 00000nam a2200000 a 4500
001 UCP4688
003 CL-VaPUC
008 990813e19980000MX |||||||||||||||||spa|d
082 0 4 |a 658.5  |b BUF  |2 21 
100 0 |a Buffa, Elwood Spencer  |e author  |9 432373 
700 0 |a Sarin, Rakesh K  |e author  |9 432374 
245 1 0 |a Administración de la producción y de las operaciones 
300 |a 939 p 
942 |c BK 
945 |d 19990813 00:00:00  |a rbrito 
260 |a Ciudad de México  |b Limusa  |c 1998 
650 0 |a Gestión de la producción   |9 259467 
650 0 |a Planificación estratégica   |9 259735 
583 |a last modification  |c 19990813 00:00:00  |k Rodrigo Vera 
999 |c 282590  |d 282588 
952 |0 0  |1 0  |4 0  |6 658_500000000000000_BUF_1998  |7 0  |8 A  |9 324552  |a BIBING  |b BIBING  |d 2019-11-20  |i 3549526  |o 658.5 BUF 1998  |p 3549526  |r 2025-01-20  |w 2019-11-20  |y BK  |k ING